000 01815cam a22004694i 4500
003 PE-LiUPU
005 20250731173356.0
008 150706s r 000 0 d
020 _a9659058411
035 _a(Sirsi) i9789659058419
040 _aPE-LiUPU
_bspa
_cPE-LiUPU
_erda
049 _aPRUA
082 0 4 _a296.4
_bM26
_221
100 1 _aMarcus, Susan,
_eautor.
245 1 0 _aEntrad por sus puertas :
_ba vuestras raíces judías /
_cSusan Marcus.
264 1 _aMadrid :
_bT-Land Ltda.,
_c2010.
300 _a93 páginas :
_bilustraciones ;
_c27centímetros
336 _atext
_2rdacontent
337 _aunmediated
_2rdamedia
338 _avolume
_2rdacarrier
505 0 _aTorá -- Menorá -- Mezuzá -- Kipá-Solideo -- Talit-Manto de oración -- Shofar -- Shabat -- Havdalá -- Las tres fiestas de peregrinación -- La pascua -- Shavuot -- Sukot -- Janucá -- Purim -- Bendiciones -- Tefilin -- Los siete frutos -- El pectoral -- El calendario judío.
526 _aSEG42
526 _aSEG41
526 _aSEG40
526 _aSEG39
526 _aP94
526 _aP87
526 _aP86
526 _aP85
526 _aP77
526 _aP76
526 _aP35
541 _g001-0000479;
650 0 4 _aJudios
_xRitos.
650 0 4 _aJudios
_xTradiciones.
910 _agl
_bjck
_d20101026
942 _2ddc
_cBOOK
949 _a296.4 M26
_wDEWEY
_c1
_i62227
_lCCODEBUL1
_mBUL
_p13.00
_r0
_sY
_tBOOK
_u2015-7-6
_xTEOLOGIA
_PP35
_0COMPRA
_o.STAFF. Colección General
994 _aC0
_bPEPRU
596 _a1
999 _a296.4 M26
_wDEWEY
_c51307
_i62227
_d51307
_f2021-11-11
_g5
_lCCODEBUL1
_mBUL
_p13.00
_q1
_r0
_sY
_tBOOK
_u2015-7-6
_xTEOLOGIA
_PP35
_0COMPRA
_o.STAFF. Colección General
980 _81
_gALBERTO SANCHEZ Responsable de Automatización